[Event "Challenge"]
[Site "http://www.queenalice.com/game.php?id=1038479"]
[Date "2012.3.13"]
[Round "-"]
[White "asia"]
[Black "dietanov"]
[Result "1-0"]
[WhiteElo "2236"]
[BlackElo "2142"]

1. d4 Nf6 2. c4 e6 3. Nf3 b6 4. a3 Bb7 5. Nc3 d5 6. Qc2 Be7 7. Bg5 O-O 8. e3
Nbd7 9. cxd5 exd5 10. Bd3 c5 11. Rd1 c4 12. Bf5 Re8 13. O-O g6 14. Bh3 Rc8 15.
Ne5 Nxe5 16. dxe5 Rc7 17. exf6 Bxf6 18. Bxf6 Qxf6 19. Nxd5 Bxd5 20. Rxd5 Rce7
21. Rfd1 Qh4 22. R5d4 Qg5 23. Qxc4 Qc5 24. Qxc5 bxc5 25. Rd8 Kg7 26. Rc8 Re5 27.
Rc7 R8e7 28. Rdd7 Kf6 29. Rxa7 1-0

[Event "Challenge"]
[Site "http://www.queenalice.com/game.php?id=1039408"]
[Date "2012.3.15"]
[Round "-"]
[White "dietanov"]
[Black "asia"]
[Result "0-1"]
[WhiteElo "2126"]
[BlackElo "2259"]

1. d4 Nf6 2. c4 e6 3. Nc3 Bb4 4. e3 O-O 5. Bd3 d5 6. Nf3 b6 7. O-O Bb7 8. cxd5
exd5 9. Bd2 Nbd7 10. Qb3 c5 11. Qc2 c4 12. Bf5 Re8 13. Nb5 Bf8 14. Nc3 g6 15.
Bh3 a6 16. a4 Qc7 17. b3 Rad8 18. Rfe1 Ne4 19. Rec1 Nd6 20. b4 Nf6 21. g3 Nfe4
22. Bg2 Qe7 23. Nxe4 Nxe4 24. Be1 Bg7 25. Nd2 Nxd2 26. Bxd2 Bc8 27. Qd1 Bf5 28.
Bc3 Qd7 29. Qe2 Bd3 30. Qf3 Qf5 31. Qxf5 Bxf5 32. Re1 Rd7 33. Bf1 Be4 34. Be2 h5
35. Kf1 Bf8 36. Ra2 Kg7 37. f3 Bf5 38. Kf2 Bd6 39. Bf1 Rde7 40. Raa1 f6 41. Bd2
Rc8 42. Rec1 Rec7 43. Bc3 h4 44. Bg2 Re7 45. f4 Be4 46. Bxe4 Rxe4 47. Rg1 Rh8
48. Kf3 Kf7 49. Ra2 hxg3 50. hxg3 g5 51. Rag2 Rhe8 52. Re1 gxf4 53. gxf4 Bxf4
54. Bd2 Bg5 55. Rg4 Rxg4 56. Kxg4 Kg6 57. Bc1 f5+ 58. Kf3 f4 59. Re2 fxe3 60.
Bxe3 Rxe3+ 61. Rxe3 Bxe3 62. Kxe3 Kf5 63. Kf3 b5 64. a5 Kg5 65. Ke3 Kg4 0-1

[Event "Sure..."]
[Site "http://www.queenalice.com/game.php?id=1039479"]
[Date "2012.3.16"]
[Round "-"]
[White "asia"]
[Black "Elafsson"]
[Result "1-0"]
[WhiteElo "2284"]
[BlackElo "2047"]

1. d4 d5 2. c4 e5 3. dxe5 d4 4. Nf3 Nc6 5. Nbd2 Bg4 6. a3 Qd7 7. b4 O-O-O 8. h3
Bf5 9. Qa4 a6 10. b5 Nb8 11. Bb2 d3 12. Rd1 dxe2 13. Bxe2 Qe8 14. O-O Ne7 15.
Nh4 Be6 16. Ne4 Ng6 17. Rxd8+ Kxd8 18. Nxg6 hxg6 19. c5 axb5 20. Bxb5 c6 21. Nd6
Bxd6 22. exd6 Qd7 23. Bxg7 1-0

[Event "Just let's play chess."]
[Site "http://www.queenalice.com/game.php?id=1039480"]
[Date "2012.3.16"]
[Round "-"]
[White "Elafsson"]
[Black "asia"]
[Result "0-1"]
[WhiteElo "2080"]
[BlackElo "2276"]

1. e4 c5 2. Nf3 e6 3. d4 cxd4 4. Nxd4 a6 5. Nc3 b5 6. a3 Bb7 7. Be2 Qc7 8. Nb3
Nf6 9. f3 Be7 10. Be3 O-O 11. Qd2 d5 12. exd5 Rd8 13. O-O-O Nxd5 14. Nxd5 Bxd5
15. Qa5 Qe5 16. Rd3 Nc6 17. Qc3 Qc7 18. Nc5 a5 19. b4 axb4 20. axb4 Bf6 0-1

[Event "Challenge"]
[Site "http://www.queenalice.com/game.php?id=1039862"]
[Date "2012.3.17"]
[Round "-"]
[White "patoche"]
[Black "asia"]
[Result "1/2-1/2"]
[WhiteElo "2412"]
[BlackElo "2289"]

1. e4 c5 2. Nf3 e6 3. d4 cxd4 4. Nxd4 a6 5. c4 b6 6. Nc3 Bb7 7. f3 Qc7 8. Be3
Nf6 9. Na4 d6 10. Qb3 Nbd7 11. Rc1 Be7 12. Be2 O-O 13. O-O Rac8 14. Rfd1 Nc5 15.
Qa3 Rfe8 16. b4 Nxa4 17. Qxa4 1/2-1/2

[Event "Challenge"]
[Site "http://www.queenalice.com/game.php?id=1039863"]
[Date "2012.3.17"]
[Round "-"]
[White "asia"]
[Black "patoche"]
[Result "1/2-1/2"]
[WhiteElo "2293"]
[BlackElo "2410"]

1. d4 Nf6 2. c4 Nc6 3. Nf3 e6 4. Nc3 Bb4 5. Qc2 d6 6. Bd2 O-O 7. a3 Bxc3 8. Bxc3
Qe7 9. g3 e5 10. d5 e4 11. Ng5 Ne5 12. Nxe4 Nxe4 13. Qxe4 f5 14. Qe3 f4 15. gxf4
Rxf4 16. b3 a5 17. a4 Qh4 18. Qg3 Qf6 19. h3 Bd7 20. Rc1 Re8 1/2-1/2

[Event "Let's Play Chess!"]
[Site "http://www.queenalice.com/game.php?id=1040634"]
[Date "2012.3.19"]
[Round "-"]
[White "asia"]
[Black "rexempire"]
[Result "1/2-1/2"]
[WhiteElo "2308"]
[BlackElo "2281"]

1. d4 d5 2. c4 c6 3. Nf3 Nf6 4. e3 e6 5. Bd3 Nbd7 6. O-O dxc4 7. Bxc4 Bd6 8. Qe2
O-O 9. Nc3 e5 10. Qc2 Qe7 11. b3 a5 12. a4 Rd8 13. Ng5 Rf8 14. Bb2 exd4 15. exd4
Nb6 16. Bd3 h6 17. Rfe1 Qc7 18. Nge4 Nxe4 19. Nxe4 Bxh2+ 20. Kh1 f5 21. Bc4+
Nxc4 22. Qxc4+ Rf7 23. Nc5 Bd6 24. Re8+ Kh7 25. Rae1 b6 26. Ne6 Bxe6 27. R8xe6
Raf8 28. Bc3 Qd7 29. Qe2 Bc7 30. Qf3 Qd5 31. Qxd5 cxd5 32. Rc6 Rd7 33. Kg1 Rff7
34. Ree6 f4 35. Bd2 Rde7 36. Rxe7 Rxe7 37. Bc1 h5 38. Kf1 Rf7 39. Ba3 Rd7 40.
Ke2 Kg8 41. Kf3 g5 42. Ke2 Kg7 43. f3 Kf7 44. Rh6 h4 45. Kf1 Bd8 46. Bd6 1/2-1/2

[Event "Challenge"]
[Site "http://www.queenalice.com/game.php?id=1043504"]
[Date "2012.3.28"]
[Round "-"]
[White "asia"]
[Black "plot24"]
[Result "1-0"]
[WhiteElo "2307"]
[BlackElo "1861"]

1. d4 d5 2. c4 e6 3. Nf3 Nf6 4. g3 Nbd7 5. Bg2 Be7 6. Nbd2 O-O 7. Qc2 c6 8. O-O
Re8 9. e4 Nf8 10. Re1 Ng6 11. e5 Nd7 12. a3 a5 13. h4 Nh8 14. h5 b6 15. Nf1 dxc4
16. N3d2 Nb8 17. Nxc4 Bb7 18. Nfd2 Qxd4 19. Ne4 b5 20. Ncd6 Bxd6 21. Nxd6 Nd7
22. Nxb7 Nxe5 23. Be3 Qd7 24. Nc5 Qe7 25. Bd4 1-0

[Event "Let's Play Chess!"]
[Site "http://www.queenalice.com/game.php?id=1046332"]
[Date "2012.4.6"]
[Round "-"]
[White "igorjava"]
[Black "asia"]
[Result "0-1"]
[WhiteElo "1952"]
[BlackElo "2324"]

1. e4 c5 2. Nf3 e6 3. d4 cxd4 4. Nxd4 a6 5. a3 Nf6 6. Nc3 b5 7. Bg5 Qc7 8. Bxf6
gxf6 9. Be2 Bb7 10. O-O Bc5 11. Nf3 Nc6 12. b4 Bd6 13. Na2 h5 14. Qd3 Ne5 15.
Qd4 Nxf3+ 16. Bxf3 Bxh2+ 17. Kh1 Be5 18. Qd3 Bxa1 19. Rxa1 h4 20. Rc1 h3 21. g3
Rc8 22. c3 f5 23. exf5 Qc4 24. Qe3 Bxf3+ 25. Qxf3 Qxa2 26. fxe6 fxe6 27. Qf6
Qd5+ 28. f3 Rf8 29. Qg6+ Kd8 0-1

[Event "Let's Play Chess!"]
[Site "http://www.queenalice.com/game.php?id=1046333"]
[Date "2012.4.6"]
[Round "-"]
[White "asia"]
[Black "igorjava"]
[Result "1-0"]
[WhiteElo "2315"]
[BlackElo "1980"]

1. d4 d5 2. c4 c6 3. Nf3 Nf6 4. Nc3 Bg4 5. Ne5 Bh5 6. cxd5 cxd5 7. Qb3 b6 8. Bf4
Nfd7 9. Qxd5 Nxe5 10. Qxa8 Nec6 11. d5 e5 12. dxc6 exf4 13. Qb7 Bd6 14. O-O-O
Qc7 15. Rxd6 Qxd6 16. c7 O-O 17. c8=Q Rxc8 18. Qxc8+ 1-0

[Event "#4"]
[Site "http://www.queenalice.com/game.php?id=1046337"]
[Date "2012.4.6"]
[Round "-"]
[White "asia"]
[Black "positionalgenius"]
[Result "1-0"]
[WhiteElo "2358"]
[BlackElo "2010"]

1. d4 Nf6 2. c4 e6 3. Nf3 d5 4. Nc3 Bb4 5. cxd5 exd5 6. Bg5 O-O 7. Qc2 h6 8. Bh4
Be6 9. a3 Bxc3+ 10. Qxc3 Nbd7 11. e3 Rc8 12. Bd3 b6 13. Ba6 Rb8 14. Bg3 Ne4 15.
Qxc7 Nxg3 16. Qxd8 Rfxd8 17. hxg3 Nf6 18. Ne5 Rd6 19. a4 Bc8 20. Bb5 a6 21. Bd3
Nd7 22. Nf3 Kf8 23. g4 b5 24. axb5 axb5 25. g5 Nb6 26. Ra7 Rb7 27. Rxb7 Bxb7 28.
gxh6 Rxh6 29. Rxh6 gxh6 30. Bxb5 Ke7 31. Ne5 Nc8 32. Ng4 Nd6 33. Be2 Nf5 34. Bd3
Nh4 35. g3 h5 36. Ne5 f6 37. gxh4 fxe5 38. dxe5 Ke6 39. f4 Kf7 40. Be2 Kg6 41.
Kd2 Bc8 42. b4 Bg4 43. Bxg4 1-0

[Event "Let's Play Chess!"]
[Site "http://www.queenalice.com/game.php?id=1046907"]
[Date "2012.4.9"]
[Round "-"]
[White "vincentlennon"]
[Black "asia"]
[Result "0-1"]
[WhiteElo "1907"]
[BlackElo "2311"]

1. e4 c5 2. f4 g6 3. Nf3 Bg7 4. Nc3 Nc6 5. Bc4 Na5 6. Qe2 d6 7. O-O Nxc4 8. Qxc4
Be6 9. Qe2 Nf6 10. Ng5 Bg4 11. Qc4 O-O 12. f5 d5 13. Qxc5 Nxe4 14. Ngxe4 dxe4
15. Qd5 Qb6+ 16. Kh1 Bxf5 17. Nxe4 Rfd8 18. Qc4 Rd4 19. Qc5 Rxe4 20. Qxb6 axb6
21. d3 Re2 22. Bg5 Rxc2 23. Bxe7 Bxb2 24. Rad1 Rxa2 25. d4 Be4 26. Rg1 Rxg2 27.
Rxg2 Bxd4 0-1

[Event "Let's Play Chess!"]
[Site "http://www.queenalice.com/game.php?id=1047185"]
[Date "2012.4.9"]
[Round "-"]
[White "twiddledeedum"]
[Black "asia"]
[Result "0-1"]
[WhiteElo "1553"]
[BlackElo "2318"]

1. e4 c5 2. Nf3 e6 3. d4 cxd4 4. Qxd4 Nc6 5. Qd1 Nf6 6. Bg5 Qb6 7. Bxf6 gxf6 8.
b3 Qb4+ 9. Qd2 Qxe4+ 10. Be2 Nb4 11. Na3 Nd5 12. O-O Bxa3 13. Rfe1 Bb4 14. Qd1
Bxe1 15. Nxe1 Nc3 16. Bf3 Nxd1 17. Bxe4 Nc3 18. Bf3 e5 19. a4 d5 20. g3 Be6 21.
Bg2 Rc8 22. Kh1 e4 23. f3 h5 24. fxe4 dxe4 25. h4 Rg8 26. Kh2 Ke7 27. Bh3 Bxh3
28. Kxh3 Ne2 29. c4 Rxg3+ 30. Kh2 Rcg8 0-1

[Event "Let's Play Chess!"]
[Site "http://www.queenalice.com/game.php?id=1047186"]
[Date "2012.4.9"]
[Round "-"]
[White "twiddledeedum"]
[Black "asia"]
[Result "0-1"]
[WhiteElo "1544"]
[BlackElo "2317"]

1. e4 c5 2. Nf3 e6 3. d4 cxd4 4. Nxd4 a6 5. Nc3 b5 6. e5 Bb7 7. Nf3 b4 8. Na4
Qa5 9. b3 Bxf3 10. Qxf3 Qxe5+ 11. Be2 Qxa1 12. Qxa8 Qxc1+ 13. Bd1 Bd6 14. O-O
Nf6 15. Nb6 O-O 16. Nc4 Bc5 17. Qb7 d5 18. Na5 Ne4 19. Qc7 Bd6 20. Qb7 Nd2 21.
Re1 Nf3+ 22. gxf3 Qd2 23. Rf1 Qg5+ 24. Kh1 Qf4 0-1

[Event "2012 - 02"]
[Site "http://www.queenalice.com/game.php?id=1047191"]
[Date "2012.4.9"]
[Round "-"]
[White "HTH"]
[Black "asia"]
[Result "0-1"]
[WhiteElo "2241"]
[BlackElo "2343"]

1. e4 c5 2. Nc3 a6 3. g3 b5 4. Bg2 Bb7 5. d3 e6 6. f4 b4 7. Nce2 Qb6 8. Nf3 Nc6
9. O-O Nf6 10. e5 c4+ 11. Kh1 Ng4 12. d4 Ne7 13. h3 Nh6 14. c3 Rc8 15. Qe1 Be4
0-1

[Event "Challenge"]
[Site "http://www.queenalice.com/game.php?id=1047252"]
[Date "2012.4.9"]
[Round "-"]
[White "asia"]
[Black "vincentlennon"]
[Result "1-0"]
[WhiteElo "2312"]
[BlackElo "1905"]

1. d4 d5 2. c4 Nf6 3. cxd5 Qxd5 4. Nc3 Qd8 5. e4 e6 6. Nf3 Be7 7. Bd3 Nc6 8. e5
Nd5 9. O-O a6 10. a3 b5 11. Be4 Bb7 12. Nxd5 exd5 13. Bf5 Bc8 14. Bd3 h6 15. h3
Na5 16. Qc2 Bb7 17. e6 O-O 18. Ne5 Bf6 19. exf7+ Rxf7 20. Bh7+ Kf8 21. Ng6+ Ke8
22. Re1+ Be7 23. Bd2 Nc6 24. Nxe7 Rxe7 25. Qf5 Qd7 26. Bg6+ 1-0

[Event "Tiradentes"]
[Site "http://www.queenalice.com/game.php?id=1051288"]
[Date "2012.4.21"]
[Round "-"]
[White "asia"]
[Black "jizaias"]
[Result "1-0"]
[WhiteElo "2325"]
[BlackElo "2275"]

1. d4 d5 2. c4 dxc4 3. e3 e5 4. Nc3 Bb4 5. Bxc4 Nc6 6. d5 Bxc3+ 7. bxc3 Na5 8.
Qa4+ c6 9. dxc6 bxc6 10. Ba3 Qc7 11. Be2 Nf6 12. Nf3 Be6 13. O-O Bd7 14. Rfd1
Nb7 15. Rab1 Nd5 16. Qh4 Be6 17. Nxe5 Nxc3 18. Rd7 Qxd7 19. Nxd7 c5 20. Rxb7
Nxe2+ 21. Kf1 Bxd7 22. Bxc5 f6 23. Qe4+ 1-0

[Event "Let's Play Chess!"]
[Site "http://www.queenalice.com/game.php?id=1055433"]
[Date "2012.5.3"]
[Round "-"]
[White "asia"]
[Black "goreb83"]
[Result "1-0"]
[WhiteElo "2320"]
[BlackElo "2053"]

1. d4 f5 2. g3 Nf6 3. Bg2 g6 4. b3 d6 5. Nh3 Nc6 6. Bb2 Bg7 7. O-O O-O 8. Nc3
Bd7 9. e3 h6 10. Qe2 a6 11. Nf4 Qe8 12. Ncd5 Nxd5 13. Nxd5 Rc8 14. c4 e6 15. Nf4
b6 16. d5 Ne5 17. dxe6 Bxe6 18. Nxe6 1-0

[Event "Summer Knights"]
[Site "http://www.queenalice.com/game.php?id=1073820"]
[Date "2012.6.20"]
[Round "-"]
[White "attachui"]
[Black "asia"]
[Result "0-1"]
[WhiteElo "2140"]
[BlackElo "2366"]

1. d4 Nf6 2. c4 e6 3. Nc3 Bb4 4. Qc2 O-O 5. Bg5 c5 6. e3 cxd4 7. exd4 Nc6 8. Nf3
d5 9. a3 Be7 10. c5 h6 11. Bh4 g5 12. Bg3 g4 13. Ne5 Nxd4 14. Qd2 Nf5 15. Bd3 d4
16. Bxf5 dxc3 17. Qxh6 Qd2+ 18. Qxd2 cxd2+ 19. Kxd2 exf5 20. b4 Ne4+ 21. Kc2 Bf6
22. Rae1 a5 23. f3 Nxg3 24. hxg3 axb4 25. axb4 Ra2+ 26. Kb1 Rxg2 27. c6 bxc6 28.
Nxc6 Be6 29. Rh6 Ba2+ 0-1

[Event "Summer Knights"]
[Site "http://www.queenalice.com/game.php?id=1073821"]
[Date "2012.6.20"]
[Round "-"]
[White "asia"]
[Black "attachui"]
[Result "1-0"]
[WhiteElo "2360"]
[BlackElo "2149"]

1. d4 Nf6 2. c4 g6 3. Nc3 Bg7 4. e4 d6 5. h3 O-O 6. Bg5 h6 7. Be3 e5 8. d5 b6 9.
Qc1 Kh7 10. Nf3 Ne8 11. Bd3 f5 12. exf5 Bxf5 13. Qc2 Qf6 14. Ne4 Bxe4 15. Bxe4
Rg8 16. h4 Nd7 17. Ng5+ Kh8 18. Bxg6 Nc5 19. Nf7+ 1-0

[Event "07"]
[Site "http://www.queenalice.com/game.php?id=1073941"]
[Date "2012.6.20"]
[Round "-"]
[White "Kir"]
[Black "asia"]
[Result "0-1"]
[WhiteElo "1954"]
[BlackElo "2360"]

1. c4 b6 2. Nf3 Bb7 3. d3 Nf6 4. e4 d6 5. Be2 e5 6. Nc3 Be7 7. O-O O-O 8. Qc2 c5
9. Bd2 Qd7 10. Nd5 Nxd5 11. cxd5 h6 12. a4 a5 13. Qb3 Bd8 14. Bc3 Na6 15. Nd2
Nb4 16. Nc4 Ba6 17. f4 exf4 18. Rxf4 Bg5 19. Rf3 Rab8 20. Kh1 f5 21. Bxb4 cxb4
22. Rxf5 Rxf5 23. exf5 Bf6 24. Rf1 Qe8 25. Qd1 Bxc4 26. dxc4 Bxb2 27. Bd3 Bc3
28. Bc2 Qe3 29. Qg4 Bf6 30. Qd1 Re8 31. Bd3 Qd4 32. Rf3 Qc3 33. Be2 Re3 34. Rxe3
Qxe3 35. Bd3 b3 36. g3 b2 37. Kg2 Qc1 0-1

[Event "Let's Play Chess!"]
[Site "http://www.queenalice.com/game.php?id=1073942"]
[Date "2012.6.20"]
[Round "-"]
[White "asia"]
[Black "Kir"]
[Result "1-0"]
[WhiteElo "2361"]
[BlackElo "1954"]

1. d4 Nf6 2. c4 e6 3. Nf3 d5 4. Nc3 dxc4 5. e4 Bb4 6. Bg5 b5 7. a4 c6 8. e5 h6
9. exf6 hxg5 10. fxg7 Rg8 11. h4 gxh4 12. Rxh4 Qf6 13. Qc2 Bb7 14. Qe4 bxa4 15.
Ne5 a3 16. Rxa3 Qxg7 17. Ra4 a5 18. Rh7 Qg5 19. Rxb4 axb4 20. Nxf7 Ra1+ 21. Ke2
Qg4+ 22. Qxg4 Rxg4 23. Nd6+ Kf8 24. Rf7+ Kg8 25. Rxb7 Na6 26. Nce4 Rg7 27. Rb6
c5 28. Nxc4 cxd4 29. g3 Rc7 30. Bh3 Nc5 31. Nxc5 Rxc5 32. Bxe6+ Kf8 33. Rxb4 Ra6
34. Bg4 Rg5 35. Bf3 Rh6 36. Nd2 Rd6 37. Ne4 Re5 38. Kd3 Rdd5 39. Rxd4 Rxd4+ 40.
Kxd4 1-0

[Event "Let's Play Chess!"]
[Site "http://www.queenalice.com/game.php?id=1076401"]
[Date "2012.6.26"]
[Round "-"]
[White "Zorro64"]
[Black "asia"]
[Result "0-1"]
[WhiteElo "2216"]
[BlackElo "2352"]

1. e4 c5 2. Nc3 a6 3. Nf3 b5 4. a3 Bb7 5. d4 cxd4 6. Nxd4 e6 7. Be2 Qc7 8. f4 d6
9. O-O Nf6 10. Qd3 Nbd7 11. Bf3 Be7 12. Bd2 O-O 13. Qe2 Nb6 14. g4 Nc4 15. Rab1
Rfd8 16. Kh1 d5 17. exd5 Rac8 18. Be3 Bc5 19. Bg1 exd5 20. f5 Ne4 21. Nb3 Nxc3
22. bxc3 Re8 23. Qg2 Bxg1 0-1

[Event "Let's Play Chess!"]
[Site "http://www.queenalice.com/game.php?id=1076402"]
[Date "2012.6.26"]
[Round "-"]
[White "asia"]
[Black "Zorro64"]
[Result "1/2-1/2"]
[WhiteElo "2362"]
[BlackElo "2231"]

1. d4 Nf6 2. c4 e6 3. Nf3 Bb4+ 4. Nbd2 a5 5. a3 Bxd2+ 6. Bxd2 b6 7. e3 Bb7 8.
Bd3 Ne4 9. O-O Nxd2 10. Nxd2 O-O 11. Rc1 d6 12. Qc2 g6 13. Be4 Bxe4 14. Nxe4 Nd7
15. Nc3 c6 16. e4 Qh4 17. Rcd1 Qf4 18. Qe2 Rfc8 19. g3 Qg5 20. f4 Qe7 21. e5 d5
22. Kg2 dxc4 23. Qxc4 b5 24. Qd3 Nb6 25. Ne4 Nd5 26. Rc1 b4 27. Nd6 Rcb8 28. a4
b3 29. Rc5 Qa7 30. Qd2 Rb4 31. f5 exf5 32. Rxf5 Rf8 33. Rf3 Rxa4 34. Rxb3 Rb4
35. Rxb4 1/2-1/2